Government to stop human rights challenge (Record no. 72720)

MARC details
000 -LEADER
fixed length control field 01294cam a2200265 4500
001 - CONTROL NUMBER
control field WB3919-12
008 - FIXED-LENGTH DATA ELEMENTS--GENERAL INFORMATION
fixed length control field 030522n2003 000 0 eng u
035 ## - SYSTEM CONTROL NUMBER
System control number (Sirsi) u122362
245 ## - TITLE STATEMENT
Title Government to stop human rights challenge
260 ## - PUBLICATION, DISTRIBUTION, ETC.
Date of publication, distribution, etc. 2003
490 ## - SERIES STATEMENT
Series statement Housing Today
Volume/sequential designation (333) 16 May 2003, 10(1)
490 ## - SERIES STATEMENT
Series statement ODPM News Release
Volume/sequential designation (2003/0089) 22 May 2003 (3)
520 ## - SUMMARY, ETC.
Summary, etc. Government plans to prevent landlords using the Human Rights Act to challenge the compulsory leasing of empty property by local authorities. As part of Empty Homes Week (19-23 May 2003) government is launching a consultation on the issue; the proposal is to give councils the power to take over empty private homes, refurbish them and lease them to homeless or key workers before returning them to their owners. The consultation can be viewed on the ODPM website at http://www.housing.odpm.gov.uk/information/consult/emptyhomes/index.htm http://www.odpm.gov.uk/pns/DisplayPN.cgi?pn_id=2003_0089
590 ## - LOCAL NOTE (RLIN)
Local note WB
650 ## - SUBJECT ADDED ENTRY--TOPICAL TERM
Topical term or geographic name entry element KEY WORKERS
650 ## - SUBJECT ADDED ENTRY--TOPICAL TERM
Topical term or geographic name entry element EMPTY HOMES
650 ## - SUBJECT ADDED ENTRY--TOPICAL TERM
Topical term or geographic name entry element HOMELESS PEOPLE
650 ## - SUBJECT ADDED ENTRY--TOPICAL TERM
Topical term or geographic name entry element LOCAL AUTHORITIES
650 ## - SUBJECT ADDED ENTRY--TOPICAL TERM
Topical term or geographic name entry element HUMAN RIGHTS ACT 1998
650 ## - SUBJECT ADDED ENTRY--TOPICAL TERM
Topical term or geographic name entry element LEGAL ISSUES
650 ## - SUBJECT ADDED ENTRY--TOPICAL TERM
Topical term or geographic name entry element COMPULSORY LEASING
650 ## - SUBJECT ADDED ENTRY--TOPICAL TERM
Topical term or geographic name entry element PUBLIC CONSULTATIONS
690 ## - LOCAL SUBJECT ADDED ENTRY--TOPICAL TERM (OCLC, RLIN)
Topical term or geographic name as entry element HOUSING
942 ## - ADDED ENTRY ELEMENTS (KOHA)
Suppress in OPAC 0
Holdings
Withdrawn status Lost status Source of classification or shelving scheme Damaged status Not for loan Home library Current library Shelving location Date acquired Total Checkouts Full call number Barcode Date last seen Copy number Price effective from Koha item type
    Dewey Decimal Classification     London London News article 22/05/2003   WB3919-12 122362-1001 06/08/2019 1 06/08/2019 News article